000 00961cam a2200265 a 4500
001 12332100
003 OSt
005 20180923144740.0
008 010302s2001 txu bf 001 0 eng
010 _a 2001088291
020 _a9781556711152
040 _aDLC
_cDLC
_dDLC
050 0 0 _aP302
_b.D65 2001
082 0 0 _a401.41
_222
_bDRA
100 1 _aDooley, Robert A.
_965058
245 1 0 _aAnalyzing discourse :
_ba manual of basic concepts /
_cRobert A. Dooley and Stephen H. Levinsohn.
260 _aDallas, Tex. :
_bSIL International,
_cc2001.
300 _aviii, 165 p. ;
_c23 cm.
504 _aIncludes bibliographical references (p. 149-158) and index.
650 0 _aDiscourse analysis
_vHandbooks, manuals, etc.
_945059
700 1 _aLevinsohn, Stephen H.
_965059
906 _a7
_bcbc
_corignew
_d3
_eepcn
_f20
_gy-gencatlg
942 _2ddc
_cBOOK
999 _c75156
_d312433